Animali con la "O" - Statistics

Statistiche generali
  • Questo quiz è stato fatto 140 volte
  • Il punteggio medio è 6 su 15
Statistiche sulle risposte
suggerimento risposta % Corretto
è un mollusco dalla conchiglia tondeggiante. Alcune ostriche producono perle. Questo mollusco è molto utilizzato nella cucina francese, apprezzato dagli intenditori e costoso sul mercato Ostrica
91%
è un grosso mammifero onnivoro molto conosciuto. Alcune specie possono diventare molto aggressive nei confronti dell'uomo, soprattutto se ritenuto una minaccia per i piccoli. Vanno in letargo ed alcune specie sono abili nella pesca del salmone di cui si nutrono abbondantemente per superare l'inverno Orso
89%
è un piccolo mammifero semi-acquatico originario dell'Australia. E' uno dei pochissimi tipi di mammiferi esistenti che depongono le uova. Il maschio a delle ghiandole velenose Ornitorinco
84%
è un grosso mammifero marino; è carnivoro ed è un abile predatore. Sono considerati all'apice della catena alimentare, non hanno quindi predatori naturali Orca
70%
è l'unico primate di grandi dimensioni ad essersi sviluppato fuori dall'Africa; vive infatti nel sud est asiatico vicino all'oceania. Ha sviluppato l'utilizzo di utensili. Di indole solitaria probabilmente per l'assenza di predatori naturali Orango
64%
è un tipo di pesce osseo. E' allevato dall'uomo per la sua carne e ricercato anche nella pesca sportiva Orata
48%
è una famiglia di mammiferi marsupiali americani Opossum
46%
è la specie animale vivente più prossima alla giraffa Okapi
43%
con il termine _______ si intendono diversi uccelli. La maggior parte sono legati all'acqua e migratici. Sono anche addomesticate dall'uomo oca
38%
è un felino molto diffuso in America del centro e del sud Ocelot
34%
antilope africana di grossa taglia Orice
18%
lucertola senza zampe confondibile con un serpente orbettino
15%
è un pesce legato ai fondi molli, soprattutto sabbiosi in cui cerca gli invertebrati di cui si nutre Ombrina
6%
è un uccello dalla corporatura massiccia, becco robusto e lunghe zampe da corridore Occhione
1%
detto anche cetriolo di mare Onisco
0%
Nessun quiz corrispondente trovato
Distribuzione punteggi
Percentuale di utenti per punteggio
Percentile per numero di risposta
I tuoi punteggi nel tempo
Non hai fatto questo quiz